| 000 | 00666cam a2200241 4500 | ||
|---|---|---|---|
| 001 | B1447 | ||
| 008 | 090401t1988 xxu||||| |||| 00| 0 eng d | ||
| 035 | _a(Sirsi) u44447 | ||
| 041 | _aeng | ||
| 050 | _a690.25 | ||
| 110 | _aBuilding Research Establishment | ||
| 245 | _aBrickwork: prevention of sulphate attack. | ||
| 260 |
_aGarston,Watford _bBuilding Research Establishment _c1988 |
||
| 300 | _a1 sheet : ill. ; 30cm. | ||
| 350 | _a9 | ||
| 490 |
_aDefect Action Sheet _v113 (Design) |
||
| 490 |
_aDAS _v113 |
||
| 650 | _aBUILDING DEFECTS | ||
| 650 | _aSULPHATES | ||
| 690 | _aBUILT ENVIRONMENT-BUILDING PATHOLOGY | ||
| 942 | _n0 | ||
| 948 | _c04/03/1997 | ||
| 999 |
_c91532 _d91532 |
||